Statistics for Countries and Languages in French

Click here to take the quiz!

General Stats

  • This quiz has been taken 852 times
  • The average score is 13 of 15

Answer Stats

HintAnswer% Correct
l'ItalieItaly
97%
l'AngleterreEnglish
96%
anglaisenglish
96%
la FranceFrance
96%
le PortugalPortugal
96%
l'EspagneSpain
96%
espagnolspanish
96%
italienitalian
95%
allemandgerman
94%
l'IrlandeIreland
93%
l'AllemagneGermany
91%
Je parleI speak
77%
J'habiteI live
76%
l'ÉcosseScotland
61%
le Pays de GallesWales
44%

Score Distribution

Percentile by Number Answered

Percent of People with Each Score

Your Score History

You have not taken this quiz